000
00338 a2200157 4500
001
59420
020
_a
9783192010224
040
_c
Anchieta - Pituba
100
_a
Silvin, Thomas
240
1
0
_a
Tina, Hamburg
_l
por
245
1
0
_a
Tina, Hamburg
300
_a
40
362
0
_a
2007
650
4
_a
Literatura juvenil em alemão
942
_c
BK
999
_c
59420
_d
59420